| 000 | 01362nam a2200229 i 4500 | ||
|---|---|---|---|
| 001 | 180055 | ||
| 003 | ES-MaACL | ||
| 005 | 20230906220959.0 | ||
| 008 | 120404s2011 sp a |||| | spa d | ||
| 020 | _a978-84-939470-3-3 | ||
| 080 | _a159.923.2(0:82) | ||
| 100 | 1 |
_aGarcía Rams, María Susana. _9149732 |
|
| 245 | 1 | 0 |
_aSol y Luna : _bProyecto EscuchArte : cuentos de sabiduría para la transformación y el buen trato / _chistoria original de Liliana Mondragón Hernández ; [adaptación del texto, y dirección del Proyecto], M. Susana García Rams ; ilustraciones, Gloria Fernández Villena ... [et al.] ; [presentación, Fina Sanz Ramón]. |
| 260 |
_aValencia : _bFundación Terapia de Reencuentro, _c2011. |
||
| 300 |
_a[32] p. : _bprincipalmente il. col. ; _c15 x 21 cm. |
||
| 594 | _aEn p. [5]: "... Proyecto EscuchArte: cuentos de sabiduría para la transformación, la educación y el buen trato,... en colaboración con el Departamento de Dibujo de la... Universidad Politécnica de Valencia, la Facultad de Psicología de la Universidad Nacional Autónoma de México y el Instituto Terapia de Reencuentro..." | ||
| 650 | 4 |
_aAutoayuda- _vCuentos. _9174703 |
|
| 700 | 1 |
_aMondragón Hernández, Liliana. _9149731 |
|
| 700 | 1 |
_aSanz Ramón, Fina. _9149736 |
|
| 710 | 2 |
_aFundación Terapia de Reencuentro. _9149733 |
|
| 852 | 4 |
_aES-MaACL _j2309-F-14 |
|
| 999 |
_c180055 _d180055 |
||